000 02761nam0a2200421 i 4500
001 RU\NLR\BIBL_A\010678859
005 20260405213708.0
010 _a9785020192652
_91000
021 _aRU
_b2014-97200
_95903
035 _a(NILC)RuMoRGB-007844055
035 _a(NLR Aleph) 010678859
090 _a9638189
_c9638189
100 _a20150225d2015 u y0rusy50 ca
101 0 _arus
_aeng
_deng
102 _aRU
105 _ay|||j||||00yy
200 1 _aКонституционное (государственное) право Российской Федерации
_dConstitutional (state) law of the Russian Federation
_eсовременная версия новейшей истории государства
_eучебное пособие для студентов высших учебных заведений, обучающихся по направлению "Юриспруденция" и специальности "Юриспруденция"
_fН. М. Добрынин
_gРоссийская акад. наук, Сибирское отд-ние, Ин-т проблем освоения Севера, М-во образования и науки Российской Федерации, Федеральное гос. бюджетное образовательное учреждение высш. проф. образования "Тюменский гос. ун-т", Ин-т гос. и права
_zeng
205 _a4-е изд., перераб. и доп.
210 _aНовосибирск
_cНаука
_d2015
_d[т.е. 2014]
215 _a568, [2] с., [1] л. цв. портр.
_d22
300 _aАвт. также на англ. яз.: N. M. Dobrynin
300 _aНа обл.: 4-е изд.
300 _aФактическая дата выхода в свет - 2014
300 _aРез. на англ. яз.
320 _aБиблиогр. в конце тем и в подстроч. примеч.
510 1 _6z77790
_aConstitutional (state) law of the Russian Federation
_zeng
606 1 _aКонституционное право
_jУчебно-методические пособия для высших учебных заведений
_yРоссийская Федерация
_92073864
_3RU\NLR\AUTH\661248813
610 0 _aконституционное право
675 _a342.4(470)(075.8)
686 1 _aХ620я73
700 1 _8rus
_7ca
_aДобрынин
_bН. М.
_f1950-
_gНиколай Михайлович
_3RU\NLR\AUTH\7796697
_979623
790 1 _8rus
_7ba
_aDobrynin
_bN. M.
_f1950-
_gNikolaj Michajlovič
_3RU\NLR\AUTH\7796700
_979626
801 0 _aRU
_bRuMoRKP
_c20131202
_gRCR
801 2 _aRU
_bРГБ
_c20141226
_grcr
942 _cBOOK
980 _aNBR